| 000 | 00557 a2200217 4500 | ||
|---|---|---|---|
| 005 | 20260128103430.0 | ||
| 008 | 260127b |||||||| |||| 00| 0 eng d | ||
| 020 |
_a9780736059725 _c$ 19.95 |
||
| 040 | _aMAIN | ||
| 082 |
_a796.076137 _bN331S |
||
| 100 | _aNelson, Arnold G | ||
| 245 | _aStretching anatomy | ||
| 260 |
_bHuman Kinetics _c2007 _aChampaign |
||
| 300 | _aix, 147 | ||
| 650 | _aPhysical Eduction | ||
| 650 | _aExercise-Fitness | ||
| 650 | _aStretching | ||
| 650 | _aPhysical Training | ||
| 700 | _aKokkonen, Jouko | ||
| 942 | _cBK | ||
| 999 |
_c394127 _d394127 |
||